000 00831nam a2200277 i 4500
001 000043651
003 DO-SdBNP
005 20251215075642.0
007 ta
008 140401s1995 dr 000 0 spa d
040 _aDO-SdBNP
_bspa
_cBNPHU
_erda
041 _aspa
082 _axxx
_bC697e
_222
100 1 _aCollado, Lipe,
_d1947-
_eautor
_979819
245 1 3 _aLa entrevista en 10 lecciones. /
_cLipe Collado; prólogo Ramón Puello Báez.
264 _aSanto Domingo, :
_bCollado & Asociados,
_c1995.
300 _a177 páginas ;
_c21 cm.
336 _ardacontent
_btexto
_2txt
337 _ardamedia
_bsin mediación
_2n
338 _ardacarrier
_bvolumen
_2nc
504 _aBibliografía página 179-180
590 _aInventariado, 2025/DG
700 1 _aPuello Báez, Ramón
_930223
910 _aDG
942 _2ddc
_cLBS1
999 _c43140
_d43140